Most Premier League Red Cards - Statistics

General Stats
  • This quiz has been taken 358 times
  • The average score is 3 of 10
Answer Stats
Hint Answer % Correct
7 Roy Keane
89%
8 Patrick Vieira
47%
8 Richard Dunne
39%
6 Vinnie Jones
36%
7 Lee Cattermole
27%
8 Duncan Ferguson
23%
6 Martin Keown
19%
6 Alan Smith
14%
6 Nicky Butt
12%
6 Franck Quedrue
1%
No matching quizzes found
Score Distribution
Percent of People with Each Score
Percentile by Number Answered
Your Score History
You have not taken this quiz